| 000 -ლიდერი |
| ფიქსირებული სიგრძის საკონტროლო ველი |
01429nam a22002177a 4500 |
| 003 - საკონტროლო ნომრის იდენტიფიკატორი |
| საკონტროლო ველი |
Ge_BSU |
| 005 - ბოლო ოპერაციის თარიღი და დრო |
| საკონტროლო ველი |
20230626094953.0 |
| 008 - ფიქსირებული სიგრძის მონაცემთა ელემენტები - ზოგადი ინფორმაცია |
| ფიქსირებული სიგრძის საკონტროლო ველი |
230626s1980 ge ||||| |||| 00| 0 geo d |
| 041 ## - ენის კოდი |
| Language code of text/sound track or separate title |
geo |
| 080 ## - უნივერსალური ათობითი კლასიფიკაციის ინდექსი |
| Universal Decimal Classification number |
821.353.1-1 ა-48 |
| 245 ## - ცნობა სათაურის შესახებ |
| Title |
ალექსანდრიანი : |
| Remainder of title |
[ძველბერძნ. რომანი] / |
| Statement of responsibility, etc |
ტექსტი გამოსაც. მოამზადა, გამოკვლევა, კომენტარები, ლექსიკონი და საძიებელი დაურთო რევაზ მირიანაშვილმა ; [რედ. ი. ლოლაშვილი] ; საქ. სსრ მეცნ. აკად., ქართული ლიტ-რის ისტორიის ინ-ტი. |
| 264 ## - წარმოების, გამოცემის, დისტრიბუციის და სხვა ცნობები |
| გამოცემის, წარმოების, დისტრიბუციის... ადგილი |
თბილისი : |
| გამოცემის, წარმოების, დისტრიბუციის... სახელწოდება |
მეცნიერება, |
| გამოცემის, წარმოების, დისტრიბუციის... თარიღი |
1980. |
| 300 ## - ფიზიკური აღწერა |
| Extent |
201 გვ. ; |
| Other physical details |
22 სმ. |
| 501 ## - შენიშვნა თანმხლებ მასალაზე |
| With note |
სახელთა საძიებელი: გვ. 186-201. |
| 520 ## - SUMMARY, ETC. |
| Summary, etc |
რეზ. რუს. ენ. |
| 653 ## - INDEX TERM--UNCONTROLLED |
| Uncontrolled term |
ალექსანდრიანი |
| 653 ## - INDEX TERM--UNCONTROLLED |
| Uncontrolled term |
ძველბერძნ. რომანი |
| 700 ## - ADDED ENTRY--PERSONAL NAME |
| Personal name |
ლოლაშვილი, ი. |
| Relator term |
რედაქტორი |
| 9 (RLIN) |
7349 |
| 710 ## - ADDED ENTRY--CORPORATE NAME |
| Corporate name or jurisdiction name as entry element |
საქ. სსრ მეცნ. აკადემია |
| Subordinate unit |
ქართული ლიტ-რის ისტორიის ინ-ტი. |
| 9 (RLIN) |
18952 |
| 942 ## - ADDED ENTRY ELEMENTS (KOHA) |
| Source of classification or shelving scheme |
|
| Koha item type |
წიგნი |